LOVE STORY LOVE MEANS NEVER HAVING TO SA (Record no. 8864)

MARC details
000 -LEADER
fixed length control field 00325nam a2200121Ia 4500
008 - FIXED-LENGTH DATA ELEMENTS--GENERAL INFORMATION
fixed length control field 240624s9999 xx 000 0 und d
041 ## - LANGUAGE CODE
Language code of text/sound track or separate title eng
082 ## - DEWEY DECIMAL CLASSIFICATION NUMBER
Classification number 823 SEG
100 ## - MAIN ENTRY--PERSONAL NAME
Personal name SEGAL ERICH
245 ## - TITLE STATEMENT
Title LOVE STORY LOVE MEANS NEVER HAVING TO SA
260 ## - PUBLICATION, DISTRIBUTION, ETC.
Date of publication, distribution, etc. 2006
Place of publication, distribution, etc. London
Name of publisher, distributor, etc. Hodder & Stoughton Ltd.
300 ## - PHYSICAL DESCRIPTION
Extent 133 : p. : cm. ; 18
Holdings
Withdrawn status Lost status Damaged status Not for loan Home library Current library Shelving location Date acquired Total Checkouts Total Renewals Full call number Barcode Date last seen Date last checked out Price effective from Koha item type
Store Books       IMTN IMTN Rack 38-B 05/13/2008 4 3 823 SEG 8864 10/14/2025 10/04/2025 06/24/2024 Books
Designed & Maintained by: LRC IMT Nagpur Contact: lrc@imtnag.ac.in© 2024. All Rights Reserved.